Concepts and comment : A reader for students of English as a second language =,= Những quan niệm và những nhận định (sách đọc hiểu dành cho các học viên tiếng Anh như là ngôn ngữ thứ hai)

Sách cung cấp các bài đọc hiểu nhằm bổ sung vốn từ vựng và kiến thức ngữ pháp cho người đọc. Sách biên soạn theo phương pháp song ngữ

Enregistré dans:
Détails bibliographiques
Auteur principal: Ackert, Patricia
Format: Livre
Langue:Undetermined
Publié: Đà Lạt Đại học Đà Lạt 1997
Sujets:
Tags: Ajouter un tag
Pas de tags, Soyez le premier à ajouter un tag!
Thư viện lưu trữ: Trung tâm Học liệu Trường Đại học Cần Thơ
LEADER 01056nam a2200229Ia 4500
001 CTU_22785
008 210402s9999 xx 000 0 und d
082 |a 428.24 
082 |b A182 
100 |a Ackert, Patricia 
245 0 |a Concepts and comment : 
245 2 |b A reader for students of English as a second language =,= Những quan niệm và những nhận định (sách đọc hiểu dành cho các học viên tiếng Anh như là ngôn ngữ thứ hai) 
245 0 |c Patricia Ackert ; Phan Thế Hưng biên dịch 
260 |a Đà Lạt 
260 |b Đại học Đà Lạt 
260 |c 1997 
520 |a Sách cung cấp các bài đọc hiểu nhằm bổ sung vốn từ vựng và kiến thức ngữ pháp cho người đọc. Sách biên soạn theo phương pháp song ngữ 
526 |a Anh văn chuyên môn Vật lý 
526 |b SP150 
650 |a english language 
650 |x readers 
980 |a Trung tâm Học liệu Trường Đại học Cần Thơ